01818nam a2200529 i 450000100060000000300090000600500170001500800390003201500180007102000150008903500230010403500360012703500140016303500210017703500230019803500440022104000280026504600090029308000180030208000180032008000130033808000100035108000120036110000440037324500990041726000620051630000280057833600270060633700540063333800280068738000160071538000270073138500390075838800100079749000550080750000460086250400260090865000310093465000270096565000190099265000130101165500310102465800260105571000540108183000550113585600980119052289KOSZ 00520230118144824.0060704s2006 pl a f f |000 0 pol aPB 2007/16064 a8372831807 a991031037709705066 a(PL-WaBN)b18354877-48omnis_nlop ab18354877 a(OCoLC)830791567 a(PL)b0000001835487 a(EXLNZ-48OMNIS_NETWORK)9910416940105606 aWA NcWA NdKOSZ 005/HR k2006 a629.33-047.72 a629.78-047.72 a656.1/.7 a004.8 a(075.8)1 aSzczepaniak, Cezaryd(1935-2016)eAutor10aTransport w nowej epoce :bzagadnienia wybrane /cCezary Szczepaniak ; Politechnika Łódzka. aŁódź :bWydawnictwo Politechniki Łódzkiej,c2006. a137 s. :bil. ;c24 cm. 2rdacontentaTekstbtxt 2rdamediaaBez urządzenia pośredniczącegobn 2rdacarrieraWoluminbnc aKsiążki aPublikacje dydaktyczne mPoziom nauczaniaaSzkoły wyższe a2001-1 aPodręczniki Akademickie Politechniki Łódzkiej aNa grzb. nr kolejny wydawnictw PŁ: 1132. aBibliogr. przy rozdz. 7aSztuczna inteligencja2DBN 7aPojazdy kosmiczne2DBN 7aSamochody2DBN 7aPrognozy 7aMateriały pomocnicze2DBN aTransport i logistyka2 aWydawnictwo Naukowe Politechniki Łódzkiej4pbl 0aPodręczniki Akademickie - Politechnika Łódzka uhttp://koha.tu.koszalin.pl/cgi-bin/koha/opac-detail.pl?biblionumber=52289yKatalog online BPK